000 00301nam a2200121Ia 4500
005 20251222140055.0
008 251222s1900||||xx |||||||||||||| ||spa||
082 _a199/S63F
100 _aSobrevilla, David
245 0 _aLa Filosofía Contemporánea en el Perú:
264 _bCarlos Matta
942 _cLIB
999 _c3732
_d3732